Ký sự Tân Đảo
Guardat en:
| Format: | Llibre |
|---|---|
| Idioma: | Undetermined |
| Publicat: |
Thành Phố Hồ Chí Minh
Thành Phố Hồ Chí Minh
2007
|
| Matèries: | |
| Etiquetes: |
Afegir etiqueta
Sense etiquetes, Sigues el primer a etiquetar aquest registre!
|
| Thư viện lưu trữ: | Trung tâm Học liệu Trường Đại học Cần Thơ |
|---|
| LEADER | 00589nam a2200181Ia 4500 | ||
|---|---|---|---|
| 001 | CTU_138080 | ||
| 008 | 210402s9999 xx 000 0 und d | ||
| 020 | |c 54000 | ||
| 082 | |a 919.597 | ||
| 082 | |b K600/CD.2 | ||
| 245 | 0 | |a Ký sự Tân Đảo | |
| 245 | 0 | |c Hãng phim truyền hình thành phố Hồ Chí Minh ; Nguyễn Hồ kịch bản | |
| 260 | |a Thành Phố Hồ Chí Minh | ||
| 260 | |b Thành Phố Hồ Chí Minh | ||
| 260 | |c 2007 | ||
| 650 | |a New Caledonia | ||
| 904 | |i Tuyến | ||
| 980 | |a Trung tâm Học liệu Trường Đại học Cần Thơ | ||